TRANSCOM '95 Volume 2

Bibliographic Details
Corporate Author: TRANSCOM (konferencia) Žilina, Slovensko) (Author)
Other Authors: Čelko, Ján, 1959- (Compiler)
Format: Conference Proceeding Book
Language:English
PhysicalDescription:384 s. Fotogr., grafy, sch., tab. 21 cm
Published: Žilina Vysoká škola dopravy a spojov 1995
ISBN:8071002704
Subjects:

MARC

LEADER 00000nam a2200000 a 4500
001 vtls001058852
003 SK-MaSNL
005 20260301232552.0
008 250414s1995 xo r 1000yyeng
015 |a SNBA1995/0902582 
020 |a 8071002704 
035 |a SNK000001669 
040 |a SNK  |b slo  |c SNK  |e AACR2 
041 0 |a eng 
044 |a xo  |c SK 
080 |a 656(082)=20  |2 1981 
080 |a 625.7/.8:681.3(082)  |2 1981 
111 2 |a TRANSCOM (konferencia)  |n (1. :  |d 1995 :  |c Žilina, Slovensko)  |4 aut  |9 182127 
245 0 0 |a TRANSCOM '95  |n Volume 2  |c [zostavil Ján Čelko] 
260 |a Žilina  |b Vysoká škola dopravy a spojov  |c 1995 
300 |a 384 s.  |b Fotogr., grafy, sch., tab.  |c 21 cm 
366 |e 120 výt. 
500 |a Tir. slov. 
504 |a Bibliogr. 
650 0 7 |a doprava  |2 SNKPH  |9 1777 
650 0 7 |a výpočtová technika  |2 SNKPH  |9 1126 
650 0 7 |a cestné komunikácie  |2 SNKPH  |9 28840 
655 7 |a zbierky  |2 SNKPH  |9 70533 
700 1 |a Čelko, Ján,  |d 1959-  |4 com  |9 9652 
852 |a Slovenská národná knižnica 
919 |a 80-7100-270-4 
954 |a doprava  |a komunikácie cestné 
958 |a TL 
958 |a NB 
999 |c 961813  |d 963743 
952 |t P60, <09>, [BOOK], {629}  |a SNK  |b SNK  |y NEVYP  |7 0  |o snkC 1337  |i snk2600/950809  |0 0  |1 0  |4 0  |d 1995-08-08  |l 0  |r 2004-12-31 00:00:00  |w 2026-02-24 
952 |t P60, <03>, [BOOK], {603}  |a SNK  |b SNK  |y PREZ  |7 0  |o snkSC 88509/2  |i snkKSP 7019/95  |0 0  |1 0  |4 0  |d 1995-08-08  |l 0  |r 2004-12-31 00:00:00  |w 2026-02-24 
952 |t P60, <04>, [BOOK], {604}  |a SNK  |b SNK  |y VYP  |7 0  |p 17A0078907  |o snkSC 88509/2 D1  |i snkKSP 9434/95  |0 0  |1 0  |4 0  |d 1995-08-14  |l 0  |r 2004-12-31 00:00:00  |w 2026-02-24 
952 |a SNK  |b SNK  |y PREZ  |7 0  |p 17A1012700  |o snkSC 88509/2   |0 0  |1 0  |4 0  |d 2012-08-20  |f 1  |l 0  |r 2026-02-24 10:22:49  |w 2026-02-24